| 000 | 01456nam a22001937a 4500 | ||
|---|---|---|---|
| 005 | 20140520110023.0 | ||
| 008 | 121213b ch ||||| |||| 00| 0 chi d | ||
| 020 | _a9787510040481 | ||
| 020 | _a 7510040485 | ||
| 100 | _a袁珂 Yuan Ke. | ||
| 245 |
_a中國神話傳說 從盤古到秦始皇 Zhong guo shen hua chuan shuo cong pan gu dao qin shi huang {ch} / _c袁珂 Yuan Ke. |
||
| 260 |
_a中國 Zhong guo China : _b世界圖書出版公司, _c2011. |
||
| 300 |
_a10, 4, 510 p. : _bill. ; _c23 cm. |
||
| 504 | _aIncludes bibliographical references | ||
| 520 | _a《中國神話傳說:從盤古到秦始皇》是中國神話學專家袁珂先生一生研究成果的集大成之作。其因專業系統且通俗易懂,出版三十年來,受到了國內外讀者的廣泛歡迎,並且被翻譯成俄、日、韓等多種語言。 1983年,在《中國神話傳說》基礎上歷經兩次重要增補修訂而成的《中國神話傳說》一書,內容已達原來的四倍,字數六十余萬。作者對浩瀚的古文獻資料,考辨真偽,訂正訛誤,加以排比綜合,從盤古開天闢地敘述到秦始皇統一六國,把散落在群藉中的吉光片羽遴選出來,熔鑄成一個龐大而有機的古神話體系,為讀者呈現了一個包羅萬象的瑰麗世界,生動地描述了古代中國人的社會生活圖系。 | ||
| 650 | _aMythology, Chinese {ch}. | ||
| 650 |
_aTales _zChina {ch}. |
||
| 942 |
_2lcc _cBK |
||
| 999 |
_c29126 _d29126 |
||